| 000 | 00568nam a22001817a 4500 | ||
|---|---|---|---|
| 003 | OSt | ||
| 005 | 20170209155952.0 | ||
| 008 | 170209s2016 spc 00 0 spa d | ||
| 020 | _a9788499927329 | ||
| 040 |
_bcat _cCDMR |
||
| 100 | 1 |
_aCebrián, Juan Luís _d1944- _91683 |
|
| 245 | 1 | 0 |
_aPrimera página _b: vida de un periodista, 1944-1988 _cJuan Luís Cebrián |
| 260 |
_aBarcelona : _bDebate, _c2016 |
||
| 300 |
_a379 p. ; _c24 cm |
||
| 600 | 1 | 0 |
_aCebrián, Juan Luís _d1944- _xBiografia _91683 |
| 650 | 0 | 4 |
_aPeriodistes _zEspanya _xBiografia _93074 _vBiografia |
| 942 | _cMON | ||
| 999 |
_c6996 _d6996 |
||